Квиз о Словачкој - Statistics

General Stats
  • This quiz has been taken 191 times
  • The average score is 15 of 21
Answer Stats
Опис Одговор % Correct
Главни град Братислава
98%
Граничне државе Пољска
97%
Граничне државе Чешка
97%
Етничка групација у коју спадају Словаци, Срби и Белоруси Словени
97%
Граничне државе Мађарска
96%
Река на којој се налази Дунав
94%
Држава чији је део била, 1918–1992 Чехословачка
94%
Валута Евро
91%
Граничне државе Аустрија
89%
Граничне државе Украјина
82%
Држава која је 1968. извршила инвазију Совјетски Савез
77%
Бивша валута Круна
67%
Становници села Кремницке Бане тврде да је то место географски ________ Европе Центар
62%
Најпопуларнији спорт Хокеј на леду
61%
Највиши планински венац Карпати
56%
Етничка група која чини 8.5% становништва Мађари
49%
Ненасилна револуција која је срушила комунистички режим 1989. {Плишана} Револуција
44%
Други најмногољуднији град Кошице
38%
По глави становника Словачка је највећи произвођач _________ у свету - 1,110,000 их је произведено у 2019. Аутомобила
28%
По глави становника Словачка има највећи број ових грађевина у свету Замкова
23%
Тенисерка, рођена у Словачкој, која је освојила5 Гренд Слем титула Мартина Хингис
12%
No matching quizzes found
Score Distribution
Percent of People with Each Score
Percentile by Number Answered
Your Score History
You have not taken this quiz